Optimal Stockpiling Policies for Resource - Dependent Economies
Uložené v:
| Hlavný autor: | |
|---|---|
| Médium: | Kniha |
| Jazyk: | English |
| Vydavateľské údaje: |
Kiel
Institut für Weltwirtschaft
1990
|
| Edícia: | Kiel Working Paper
No.437 |
| Tagy: |
Žiadne tagy, Buďte prvý, kto otaguje tento záznam!
|
MARC
| LEADER | 00000nam a2200000 4500 | ||
|---|---|---|---|
| 001 | c022011 | ||
| 005 | 20250521093030.2 | ||
| 041 | 0 | |a eng | |
| 044 | |a DE | ||
| 245 | 1 | 0 | |a Optimal Stockpiling Policies for Resource - Dependent Economies |c Axel Behrens |
| 264 | 1 | |a Kiel |b Institut für Weltwirtschaft |c 1990 | |
| 300 | |a 19 s. | ||
| 490 | 1 | |a Kiel Working Paper |v No.437 | |
| 830 | 0 | |a Kiel Working Paper |v No.437 | |
| 100 | 1 | |a Behrens, Axel | |